The Legend Of Zelda: Breath Of The Wild Items - Statistics

General Stats
  • This quiz has been taken 39 times
  • The average score is 11 of 18
Answer Stats
Type Item % Correct
Rune Stasis
96%
Rune Camera
93%
Rune Remote Bomb
93%
Rune Magnesis
89%
Rune Cryonis
82%
Rune Amiibo
75%
Inventory Weapons
71%
Inventory Food
68%
Inventory Armor
64%
Inventory Materials
61%
Inventory Shields
61%
Inventory Bows
57%
Rune Master Cycle Zero
54%
Inventory Arrows
43%
Inventory Key Items
39%
Other Rupee
14%
Other Heart Container
7%
Other Stamina Vessel
7%
No matching quizzes found
Score Distribution
Percent of People with Each Score
Percentile by Number Answered
Your Score History
You have not taken this quiz